Cities in the Pokémon Almia Region on a Map - Statistics

General Stats
  • This quiz has been taken 146 times
  • The average score is 6 of 10
Answers on the Map
Answers color-coded by a green-red scale on the quiz's map according to % correct below.
 
Answer Stats
Answer % Correct
Ranger School
71%
Capture Arena
61%
Shiver Camp
61%
Pueltown
58%
Ranger Union
58%
Vientown
57%
Altru Inc.
56%
Chicole Village
56%
Haruba Village
51%
Boyleland
49%
No matching quizzes found
Score Distribution
Percent of People with Each Score
Percentile by Number Answered
Your Score History
You have not taken this quiz